000 00402nam a2200169Ia 4500
001 22487
005 20260414150834.0
008 260414t2004||||xx |||||||||||||| ||spa||
041 _aESP
082 _a621.38154
_bP45
100 _aPérez García, Miguel Angel
_eAUT
245 0 _aInstrumentación electrónica
_b
260 _c2004
650 _aTCA
654 _aCET
942 _cLIB
_dJUS
_fJUS
_2ddc
_n
999 _c22487
_d22487